| 000 | 00959cam a22003011 4500 | ||
|---|---|---|---|
| 001 | sa 68009892 | ||
| 003 | DLC | ||
| 005 | 20260227112548.0 | ||
| 008 | 950221s1967 ii 000 0 tamo | ||
| 010 | _asa 68009892 | ||
| 025 | _aPL480:I-T-2107 | ||
| 035 | _a(OCoLC)32029478 | ||
| 040 |
_aDLC _cCU _dCU _dDLC |
||
| 042 | _apremarc | ||
| 050 | 0 | 0 |
_aPL4758.9.O8 _bM8 1967 |
| 100 | 0 |
_aOṭṭakkūttar, _dactive 12th century. |
|
| 245 | 1 | 0 | _aKaviccakkaravartti Oṭṭakkūttar iyar̲r̲iya Mūvarulā. |
| 250 | _a[1st ed.] | ||
| 260 | _c1967. | ||
| 300 |
_a3 v. in 1. _c19 cm. |
||
| 490 | 0 |
_aKal̲aka veḷiyīṭu ; _v1290 |
|
| 500 | _aIn Tamil. | ||
| 600 | 0 | 0 |
_aVikrama Chola, _cChola King, _dactive 1118-1133 _vPoetry. |
| 600 | 0 | 0 |
_aKulottunga _bII, _cChola King, _dactive 1133-1146 _vPoetry. |
| 600 | 0 | 0 |
_aRajaraja Chola, _cKing, _dactive 1146-1173 _vPoetry. |
| 700 | 2 |
_aCaṅkup Pulavar, Tirumalai Vēlukkavirāyar, _d1893- |
|
| 740 | 0 | _aMūvarulā. | |
| 999 |
_c83224 _d83224 |
||